000
00263nam a2200097 a 4500
005
20200929163552.0
008
091209s1981 000 spa d
245
0
_a
Anteproyecto de reforma al arancel de aduanas.
260
_a
Santo Domingo,
_c
1981.
999
_c
13903
_d
13903
040
_a
DO-SdBNP